One gospel for all nations : (Record no. 29941)
[ view plain ]
| 000 -LEADER | |
|---|---|
| fixed length control field | 00931nam a22002897a 4500 |
| 003 - CONTROL NUMBER IDENTIFIER | |
| control field | PACU |
| 005 - DATE AND TIME OF LATEST TRANSACTION | |
| control field | 20211119114719.0 |
| 008 - FIXED-LENGTH DATA ELEMENTS--GENERAL INFORMATION | |
| fixed length control field | 180626b ||||| |||| 00| 0 eng d |
| 020 ## - INTERNATIONAL STANDARD BOOK NUMBER | |
| International Standard Book Number | 9780878086290 |
| 020 ## - INTERNATIONAL STANDARD BOOK NUMBER | |
| International Standard Book Number | 0878086293 |
| 040 ## - CATALOGING SOURCE | |
| Original cataloging agency | PACU |
| Language of cataloging | eng |
| Transcribing agency | PACU |
| 042 ## - AUTHENTICATION CODE | |
| Authentication code | pcc |
| 050 00 - LIBRARY OF CONGRESS CALL NUMBER | |
| Classification number | BV2063 |
| Item number | .W8 2015 |
| 100 1# - MAIN ENTRY--PERSONAL NAME | |
| Personal name | Wu, Jackson. |
| 245 10 - TITLE STATEMENT | |
| Title | One gospel for all nations : |
| Remainder of title | a practical approach to biblical contextualization / |
| Statement of responsibility, etc. | Jackson Wu. |
| 260 ## - PUBLICATION, DISTRIBUTION, ETC. (IMPRINT) | |
| Place of publication, distribution, etc. | Pasadena, CA : |
| Name of publisher, distributor, etc. | William Carey Library, |
| Date of publication, distribution, etc. | [2015] |
| 300 ## - PHYSICAL DESCRIPTION | |
| Extent | xxvii, 268 pages : |
| Other physical details | illustrations ; |
| Dimensions | 22 cm |
| 336 ## - CONTENT TYPE | |
| Content type term | text |
| Source | rdacontent |
| 337 ## - MEDIA TYPE | |
| Media type term | unmediated |
| Source | rdamedia |
| 338 ## - CARRIER TYPE | |
| Carrier type term | volume |
| Source | rdacarrier |
| 504 ## - BIBLIOGRAPHY, ETC. NOTE | |
| Bibliography, etc | Includes bibliographical references (pages 243-253) and index. |
| 650 #0 - SUBJECT ADDED ENTRY--TOPICAL TERM | |
| Topical term or geographic name as entry element | Missions. |
| 9 (RLIN) | 538 |
| 650 #0 - SUBJECT ADDED ENTRY--TOPICAL TERM | |
| Topical term or geographic name as entry element | Christianity and culture. |
| 9 (RLIN) | 856 |
| 650 #0 - SUBJECT ADDED ENTRY--TOPICAL TERM | |
| Topical term or geographic name as entry element | Witness bearing (Christianity) |
| 650 #0 - SUBJECT ADDED ENTRY--TOPICAL TERM | |
| Topical term or geographic name as entry element | Evangelistic work. |
| 9 (RLIN) | 63 |
| 942 ## - ADDED ENTRY ELEMENTS (KOHA) | |
| Source of classification or shelving scheme | Library of Congress Classification |
| Koha item type | General books |
| Withdrawn status | Lost status | Source of classification or shelving scheme | Damaged status | Not for loan | Home library | Current library | Shelving location | Date acquired | Source of acquisition | Total Checkouts | Full call number | Barcode | Date last seen | Price effective from | Koha item type |
|---|---|---|---|---|---|---|---|---|---|---|---|---|---|---|---|
| Library of Congress Classification | PAC UNIVERSITY | PAC UNIVERSITY | General Stacks | 26/06/2018 | Donation | BV2063 .W8 2015 | 24946 | 26/06/2018 | 26/06/2018 | General books |